000 00769cab a2200229 4500
001 ABS44025
008 090401t1991 xxu||||| |||| 00| 0 eng d
035 _a(Sirsi) u44874
041 _aeng
245 _aAlternative land use
260 _c1991
350 _a0
490 _aFarm Development Review
_v5(3) January 1991 (Loan)
520 _aThis month`s issue of the guide to alternative land use includes features on farm building conversion for business use, trekking centres , demand for aggregates , marketing and feasibility grants and supermarket organic sales.
650 _aALTERNATIVE ENTERPRISES
650 _aDIVERSIFICATION
650 _aFARMING
650 _aORGANIC FARMING
690 _aRURAL PRACTICE
942 _n0
948 _c04/03/1997
999 _c28516
_d28516